000 005370000a22001810004500
020 _a0-311-01062-8
041 0 _aSPA
082 0 4 _aG 266.0092 L615e
100 1 _aLerín, Olivia S. D. de
245 1 0 _aEnvíame a mi : Aventuras de los esposos Davis, fundadores de la CBP / Olivia S. D. De Lerín
260 _aEl Paso, TX., USA : Casa Bautista de Publicaciones
300 _a45 Pag
001 7611
942 _cBK
999 _c37818
_d37818
336 _atexto
_btxt
_2rdacontent
337 _2rdamedia
_asin mediación
_bn
338 _2rdacarrier
_avolumen
_bnc